[Event "2nd Gujarat Open 2019"]
[Site "Ahmedabad, Gujarat"]
[Date "2019.09.26"]
[Round "7.16"]
[White "Nitin, S.."]
[Black "Anadkat Kartavya"]
[Result "1-0"]
[WhiteElo "2361"]
[BlackElo "2088"]
[Annotator "NA"]
[PlyCount "79"]
[EventDate "2019.09.22"]
[EventType "swiss"]
[EventCountry "IND"]
[SourceTitle "playchess.com"]
[Source "ChessBase"]
[SourceQuality "1"]
[TimeControl "5400+30"]

1. Nf3 {[%emt 0:01:06]} Nf6 {[%emt 0:00:00]} 2. b3 {[%emt 0:00:06]} g6 {[%emt 0:00:43]} 3. Bb2 {[%emt 0:00:09]} Bg7 {[%emt 0:00:03]} 4. g3 {[%emt 0:00:23]} O-O {[%emt 0:00:07]} 5. Bg2 {[%emt 0:00:05]} d6 {[%emt 0:00:21]} 6. d4 {[%emt 0:00:23]} c6 {[%emt 0:00:38]} 7. O-O {[%emt 0:00:38]} Bf5 {[%emt 0:05:27]} 8. Nh4 {[%emt 0:01:56]} Be6 {[%emt 0:03:16]} 9. e4 {[%emt 0:00:51]} d5 {[%emt 0:14:22]} 10. e5 {[%emt 0:00:28]} Ne8 {[%emt 0:00:32]} 11. Qe2 {[%emt 0:05:03]} Nc7 {[%emt 0:02:24]} 12. f4 {[%emt 0:02:06]} f5 {[%emt 0:01:28]} 13. exf6 {[%emt 0:00:59]} exf6 {[%emt 0:00:25]} 14. f5 {[%emt 0:00:08]} Bf7 {[%emt 0:00:23]} 15. Nd2 {[%emt 0:06:58]} g5 {[%emt 0:04:21]} 16. Nhf3 {[%emt 0:00:32]} Re8 {[%emt 0:01:28]} 17. Qf2 {[%emt 0:02:33]} Nba6 {[%emt 0:01:29]} 18. a4 {[%emt 0:14:08]} h5 {[%emt 0:04:21]} 19. Rae1 {[%emt 0:14:18]} Qd7 {[%emt 0:01:36]} 20. Ne5 {[%emt 0:00:58]} fxe5 {[%emt 0:09:19]} 21. dxe5 {[%emt 0:00:21]} Rf8 {[%emt 0:19:49]} 22. Qe3 {[%emt 0:03:40]} Qd8 {[%emt 0:02:25]} 23. h4 {[%emt 0:08:35]} g4 {[%emt 0:01:58]} 24. f6 {[%emt 0:02:39]} Bh8 {[%emt 0:07:26]} 25. Qg5+ {[%emt 0:01:44]} Kh7 {[%emt 0:00:04]} 26. e6 {[%emt 0:00:50]} Rg8 {[%emt 0:01:46]} 27. Qf5+ {[%emt 0:04:05]} Bg6 {[%emt 0:00:05]} 28. Qf4 {[%emt 0:02:42]} Qc8 {[%emt 0:03:24]} 29. Bc1 {[%emt 0:01:53]} Qf8 {[%emt 0:02:57]} 30. f7 {[%emt 0:02:33]} Bg7 {[%emt 0:04:47]} 31. Ne4 {[%emt 0:09:59]} dxe4 {[%emt 0:02:52]} 32. Bxe4 {[%emt 0:00:22]} Qc5+ {[%emt 0:02:03]} 33. Be3 {[%emt 0:02:34]} Qe5 {[%emt 0:01:03]} 34. fxg8=Q+ Rxg8 {[%emt 0:00:02]} 35. Bxg6+ {[%emt 0:02:35]} Kxg6 {[%emt 0:00:03]} 36. Qf7+ {[%emt 0:00:35]} Kh7 {[%emt 0:00:01]} 37. Bf2 {[%emt 0:01:33]} Qa5 {[%emt 0:03:25]} 38. Bd4 {[%emt 0:01:19]} Qd5 {[%emt 0:01:21]} 39. c3 {[%emt 0:00:23]} Kh8 {[%emt 0:00:30]} 40. Rf6 {[%emt 0:00:42]} 1-0

[Event "2nd Gujarat Open 2019"]
[Site "Ahmedabad, Gujarat"]
[Date "2019.09.26"]
[Round "7.17"]
[White "Rathnakaran, K.."]
[Black "Kiran, Manisha Mohanty"]
[Result "1/2-1/2"]
[WhiteElo "2325"]
[BlackElo "2102"]
[Annotator "NA"]
[PlyCount "80"]
[EventDate "2019.09.22"]
[EventType "swiss"]
[EventCountry "IND"]
[SourceTitle "playchess.com"]
[Source "ChessBase"]
[SourceQuality "1"]
[TimeControl "5400+30"]

1. e4 {[%emt 0:01:19]} c5 {[%emt 0:01:08]} 2. Nf3 {[%emt 0:00:04]} d6 {[%emt 0:00:07]} 3. c3 {[%emt 0:00:03]} Nf6 {[%emt 0:00:12]} 4. Be2 {[%emt 0:00:04]} Nbd7 {[%emt 0:00:17]} 5. d3 {[%emt 0:00:17]} b6 {[%emt 0:00:22]} 6. a4 {[%emt 0:00:05]} Bb7 {[%emt 0:00:05]} 7. Nbd2 {[%emt 0:00:05]} e6 {[%emt 0:00:06]} 8. O-O {[%emt 0:00:06]} Be7 {[%emt 0:00:10]} 9. a5 {[%emt 0:00:04]} Rc8 {[%emt 0:04:31]} 10. Qb3 {[%emt 0:01:09]} O-O {[%emt 0:01:41]} 11. Re1 {[%emt 0:00:27]} Re8 {[%emt 0:01:09]} 12. h3 {[%emt 0:00:10]} Qc7 {[%emt 0:08:27]} 13. Bf1 {[%emt 0:00:08]} Ne5 {[%emt 0:00:34]} 14. Nxe5 {[%emt 0:01:45]} dxe5 {[%emt 0:00:05]} 15. Nc4 {[%emt 0:00:03]} Nd7 {[%emt 0:00:07]} 16. Re3 {[%emt 0:00:26]} Bg5 {[%emt 0:09:37]} 17. Rf3 {[%emt 0:00:06]} Bxc1 {[%emt 0:00:24]} 18. Rxc1 {[%emt 0:00:03]} Ba6 {[%emt 0:02:07]} 19. axb6 {[%emt 0:02:45]} Bxc4 {[%emt 0:01:20]} 20. dxc4 {[%emt 0:00:03]} axb6 {[%emt 0:00:44]} 21. Bd3 {[%emt 0:00:06]} Nf8 {[%emt 0:00:46]} 22. Bc2 {[%emt 0:00:23]} Red8 {[%emt 0:00:34]} 23. h4 {[%emt 0:00:55]} Rd2 {[%emt 0:01:12]} 24. h5 {[%emt 0:02:26]} h6 {[%emt 0:00:05]} 25. Re3 {[%emt 0:00:40]} Rcd8 {[%emt 0:00:41]} 26. Bd1 {[%emt 0:00:15]} R8d3 {[%emt 0:07:10]} 27. Rxd3 {[%emt 0:04:53]} Rxd3 {[%emt 0:00:05]} 28. Ra1 {[%emt 0:01:00]} Qd8 {[%emt 0:01:21]} 29. g3 {[%emt 0:04:51]} Nh7 {[%emt 0:08:56]} 30. Be2 {[%emt 0:02:21]} Rd2 {[%emt 0:00:07]} 31. Kf1 {[%emt 0:02:41]} Nf6 {[%emt 0:05:50]} 32. Qb5 {[%emt 0:02:04]} Kh7 {[%emt 0:07:52]} 33. Qc6 {[%emt 0:21:59]} Rxb2 {[%emt 0:06:32]} 34. Rd1 {[%emt 0:01:12]} Rd2 {[%emt 0:00:17]} 35. Rxd2 {[%emt 0:02:19]} Qxd2 {[%emt 0:00:07]} 36. Qb7 {[%emt 0:02:40]} Qd7 {[%emt 0:04:14]} 37. Qa8 {[%emt 0:00:59]} Qe8 {[%emt 0:00:38]} 38. Qb7 {[%emt 0:00:10]} Qd7 {[%emt 0:00:16]} 39. Qa8 {[%emt 0:00:38]} Qe8 {[%emt 0:00:22]} 40. Qb7 {[%emt 0:00:12]} Qd7 {[%emt 0:00:53]} 1/2-1/2

[Event "2nd Gujarat Open 2019"]
[Site "Ahmedabad, Gujarat"]
[Date "2019.09.26"]
[Round "7.18"]
[White "Srihari L R"]
[Black "Barath Kalyan M"]
[Result "1-0"]
[WhiteElo "2283"]
[BlackElo "2092"]
[Annotator "NA"]
[PlyCount "99"]
[EventDate "2019.09.22"]
[EventType "swiss"]
[EventCountry "IND"]
[SourceTitle "playchess.com"]
[Source "ChessBase"]
[SourceQuality "1"]
[TimeControl "5400+30"]

1. d4 {[%emt 0:00:00]} Nf6 {[%emt 0:02:39]} 2. c4 {[%emt 0:00:49]} e6 {[%emt 0:00:12]} 3. Nf3 {[%emt 0:00:14]} Bb4+ {[%emt 0:00:07]} 4. Bd2 {[%emt 0:00:26]} a5 {[%emt 0:00:20]} 5. g3 {[%emt 0:00:21]} b6 {[%emt 0:00:15]} 6. Bg2 {[%emt 0:00:13]} Bb7 {[%emt 0:00:03]} 7. O-O {[%emt 0:00:19]} Bxd2 {[%emt 0:00:05]} 8. Qxd2 {[%emt 0:01:30]} d6 {[%emt 0:00:11]} 9. Nc3 {[%emt 0:00:18]} Nbd7 {[%emt 0:00:25]} 10. Qc2 {[%emt 0:07:26]} O-O {[%emt 0:01:17]} 11. e4 {[%emt 0:01:11]} e5 {[%emt 0:01:06]} 12. Rad1 {[%emt 0:11:27]} Qe7 {[%emt 0:03:23]} 13. Nd5 {[%emt 0:01:59]} Nxd5 {[%emt 0:04:05]} 14. cxd5 {[%emt 0:02:01]} Nb8 {[%emt 0:14:06]} 15. Rfe1 {[%emt 0:10:54]} Na6 {[%emt 0:03:39]} 16. a3 {[%emt 0:00:55]} Bc8 {[%emt 0:02:14]} 17. dxe5 {[%emt 0:04:25]} dxe5 {[%emt 0:00:21]} 18. Nd2 {[%emt 0:08:41]} Bd7 {[%emt 0:04:22]} 19. Nc4 {[%emt 0:05:41]} Nc5 {[%emt 0:08:04]} 20. Qc3 {[%emt 0:06:40]} f6 {[%emt 0:18:36]} 21. b3 {[%emt 0:07:00]} a4 {[%emt 0:04:51]} 22. b4 {[%emt 0:01:34]} Nb3 {[%emt 0:00:09]} 23. f4 {[%emt 0:06:19]} Bg4 {[%emt 0:04:12]} 24. Rd3 {[%emt 0:02:03]} Nd4 {[%emt 0:01:44]} 25. Rxd4 {[%emt 0:01:20]} exd4 {[%emt 0:00:05]} 26. Qxd4 {[%emt 0:00:05]} Rad8 {[%emt 0:02:31]} 27. Ne3 {[%emt 0:01:43]} Bd7 28. Rc1 {[%emt 0:01:41]} Rc8 {[%emt 0:11:01]} 29. Rc2 {[%emt 0:05:12]} Rfe8 {[%emt 0:00:54]} 30. h4 {[%emt 0:02:32]} Kh8 {[%emt 0:02:27]} 31. Kh2 {[%emt 0:02:35]} b5 {[%emt 0:01:59]} 32. Qc5 {[%emt 0:02:21]} Qd6 {[%emt 0:00:17]} 33. Rc3 {[%emt 0:00:32]} g6 {[%emt 0:03:06]} 34. Nc2 {[%emt 0:01:18]} g5 {[%emt 0:02:16]} 35. hxg5 {[%emt 0:00:16]} fxg5 {[%emt 0:00:06]} 36. Qd4+ {[%emt 0:00:03]} Kg8 {[%emt 0:00:20]} 37. e5 {[%emt 0:00:48]} Qh6+ {[%emt 0:00:21]} 38. Kg1 {[%emt 0:00:01]} Bh3 {[%emt 0:01:03]} 39. fxg5 {[%emt 0:01:28]} Qh5 {[%emt 0:00:34]} 40. g4 {[%emt 0:00:57]} Bxg4 {[%emt 0:01:20]} 41. Rg3 {[%emt 0:00:05]} Bf5 {[%emt 0:01:35]} 42. Ne3 {[%emt 0:00:09]} Qg6 {[%emt 0:01:09]} 43. e6 {[%emt 0:01:30]} Bd3 {[%emt 0:03:21]} 44. Ng4 {[%emt 0:00:24]} Bf5 {[%emt 0:00:36]} 45. Nh6+ {[%emt 0:00:18]} Kf8 {[%emt 0:00:29]} 46. Nxf5 {[%emt 0:01:17]} Kg8 {[%emt 0:00:10]} 47. Nh6+ {[%emt 0:00:10]} Kf8 {[%emt 0:00:07]} 48. Qf6+ {[%emt 0:00:03]} Qxf6 {[%emt 0:00:11]} 49. gxf6 {[%emt 0:00:04]} Rb8 {[%emt 0:00:09]} 50. Rg8# 1-0

[Event "2nd Gujarat Open 2019"]
[Site "Ahmedabad, Gujarat"]
[Date "2019.09.26"]
[Round "7.19"]
[White "Pranav, Shetty"]
[Black "Nikhil Magizhnan"]
[Result "1/2-1/2"]
[WhiteElo "2124"]
[BlackElo "2251"]
[Annotator "NA"]
[PlyCount "61"]
[EventDate "2019.09.22"]
[EventType "swiss"]
[EventCountry "IND"]
[SourceTitle "playchess.com"]
[Source "ChessBase"]
[SourceQuality "1"]
[TimeControl "5400+30"]

1. e4 {[%emt 0:01:47]} e6 {[%emt 0:00:01]} 2. d4 {[%emt 0:00:04]} d5 {[%emt 0:00:18]} 3. Nc3 {[%emt 0:00:05]} Nf6 {[%emt 0:00:06]} 4. e5 {[%emt 0:00:38]} Nfd7 {[%emt 0:00:07]} 5. f4 {[%emt 0:00:05]} c5 {[%emt 0:00:24]} 6. Nf3 {[%emt 0:00:05]} a6 {[%emt 0:00:08]} 7. Be3 {[%emt 0:02:43]} Qb6 {[%emt 0:00:43]} 8. a3 {[%emt 0:22:15]} Nc6 {[%emt 0:01:35]} 9. Be2 {[%emt 0:00:39]} Qa7 {[%emt 0:02:20]} 10. Qd2 {[%emt 0:02:25]} b5 {[%emt 0:10:08]} 11. O-O {[%emt 0:04:23]} cxd4 {[%emt 0:01:17]} 12. Nxd4 {[%emt 0:00:07]} Bc5 {[%emt 0:01:11]} 13. Rad1 {[%emt 0:00:18]} g5 {[%emt 0:04:08]} 14. g3 {[%emt 0:05:31]} Bb7 {[%emt 0:16:10]} 15. Rfe1 {[%emt 0:00:30]} gxf4 {[%emt 0:00:30]} 16. gxf4 {[%emt 0:00:30]} Rg8+ 17. Kf2 {[%emt 0:29:10]} O-O-O {[%emt 0:01:00]} 18. b4 {[%emt 0:04:20]} Bb6 {[%emt 0:09:39]} 19. a4 {[%emt 0:00:50]} f6 {[%emt 0:04:02]} 20. exf6 {[%emt 0:08:58]} Nxf6 {[%emt 0:03:21]} 21. axb5 {[%emt 0:01:44]} Nxd4 {[%emt 0:00:30]} 22. Bxd4 {[%emt 0:00:04]} e5 {[%emt 0:05:33]} 23. fxe5 {[%emt 0:00:20]} Ng4+ {[%emt 0:00:44]} 24. Kg2 {[%emt 0:06:28]} Rdf8 {[%emt 0:26:23]} 25. h3 {[%emt 0:00:05]} Ne3+ {[%emt 0:01:14]} 26. Kh1 {[%emt 0:02:44]} Rg3 {[%emt 0:04:17]} 27. Kh2 {[%emt 0:02:27]} Rg2+ {[%emt 0:00:54]} 28. Kh1 {[%emt 0:00:01]} Rg3 {[%emt 0:00:01]} 29. Kh2 {[%emt 0:00:01]} Rg2+ {[%emt 0:05:56]} 30. Kh1 {[%emt 0:00:02]} Rg3 {[%emt 0:01:37]} 31. Kh2 {[%emt 0:00:38]} 1/2-1/2

[Event "2nd Gujarat Open 2019"]
[Site "Ahmedabad, Gujarat"]
[Date "2019.09.26"]
[Round "7.20"]
[White "Sri Sai Baswanth P"]
[Black "Ziatdinov, Raset"]
[Result "0-1"]
[WhiteElo "2013"]
[BlackElo "2222"]
[Annotator "NA"]
[PlyCount "92"]
[EventDate "2019.09.22"]
[EventType "swiss"]
[EventCountry "IND"]
[SourceTitle "playchess.com"]
[Source "ChessBase"]
[SourceQuality "1"]
[TimeControl "5400+30"]

1. c4 {[%emt 0:00:00]} e5 {[%emt 0:00:00]} 2. g3 {[%emt 0:00:06]} f5 {[%emt 0:00:00]} 3. Nc3 {[%emt 0:05:37]} Nf6 {[%emt 0:00:00]} 4. Bg2 {[%emt 0:00:06]} Be7 {[%emt 0:00:07]} 5. d4 {[%emt 0:01:48]} e4 {[%emt 0:00:07]} 6. Nh3 {[%emt 0:00:24]} O-O {[%emt 0:00:30]} 7. O-O {[%emt 0:00:34]} Nc6 {[%emt 0:00:39]} 8. Nf4 {[%emt 0:08:55]} Qe8 {[%emt 0:06:04]} 9. Nfd5 {[%emt 0:03:58]} Bd8 {[%emt 0:01:02]} 10. Nb5 {[%emt 0:05:08]} Nxd5 {[%emt 0:00:41]} 11. cxd5 {[%emt 0:00:04]} Ne7 {[%emt 0:01:21]} 12. d6 {[%emt 0:01:00]} cxd6 {[%emt 0:08:28]} 13. Nxd6 {[%emt 0:02:21]} Qg6 {[%emt 0:00:27]} 14. Bf4 {[%emt 0:10:17]} Nd5 {[%emt 0:05:54]} 15. Qb3 {[%emt 0:20:24]} Qe6 {[%emt 0:00:30]} 16. Rfc1 {[%emt 0:00:30]} Be7 {[%emt 0:00:30]} 17. Nxc8 {[%emt 0:00:30]} Raxc8 {[%emt 0:24:11]} 18. Qxb7 {[%emt 0:00:23]} Rce8 {[%emt 0:10:34]} 19. Bc7 {[%emt 0:18:04]} f4 {[%emt 0:06:00]} 20. gxf4 {[%emt 0:04:16]} Nxf4 {[%emt 0:06:55]} 21. Bxf4 {[%emt 0:00:29]} Rxf4 {[%emt 0:00:03]} 22. Rc8 {[%emt 0:02:15]} Rxc8 {[%emt 0:02:16]} 23. Qxc8+ {[%emt 0:01:31]} Rf8 {[%emt 0:00:03]} 24. Qc3 {[%emt 0:00:22]} d5 {[%emt 0:03:11]} 25. Qe3 {[%emt 0:05:28]} Bd6 {[%emt 0:01:04]} 26. Qh3 {[%emt 0:00:28]} Qf6 {[%emt 0:06:14]} 27. Rf1 {[%emt 0:00:07]} Kh8 {[%emt 0:01:21]} 28. e3 {[%emt 0:00:08]} Qd8 {[%emt 0:09:09]} 29. Rc1 {[%emt 0:04:27]} h6 {[%emt 0:01:10]} 30. Qe6 {[%emt 0:02:05]} Kh7 {[%emt 0:00:45]} 31. Bh3 {[%emt 0:02:31]} Qg5+ {[%emt 0:02:37]} 32. Qg4 {[%emt 0:00:15]} Qf6 {[%emt 0:00:24]} 33. Rf1 {[%emt 0:00:38]} Bb8 {[%emt 0:00:16]} 34. Kh1 {[%emt 0:00:35]} Qd6 {[%emt 0:00:35]} 35. Qg2 {[%emt 0:00:08]} g6 {[%emt 0:01:15]} 36. Rc1 {[%emt 0:01:07]} Qa6 {[%emt 0:01:43]} 37. Qg4 {[%emt 0:00:46]} Rf7 {[%emt 0:01:00]} 38. a3 {[%emt 0:00:42]} Qd6 {[%emt 0:00:40]} 39. Qg2 {[%emt 0:00:14]} h5 {[%emt 0:00:21]} 40. Rf1 {[%emt 0:00:40]} Rf3 {[%emt 0:00:41]} 41. Bc8 {[%emt 0:00:15]} g5 {[%emt 0:00:38]} 42. Bb7 {[%emt 0:00:38]} g4 {[%emt 0:00:16]} 43. Rc1 {[%emt 0:00:12]} Rh3 {[%emt 0:00:17]} 44. Kg1 {[%emt 0:00:34]} Rxh2 {[%emt 0:00:30]} 45. Qg3 {[%emt 0:00:24]} Qd8 {[%emt 0:00:09]} 46. Rc8 {[%emt 0:00:44]} Qxc8 {[%emt 0:00:06]} 0-1

[Event "2nd Gujarat Open 2019"]
[Site "Ahmedabad, Gujarat"]
[Date "2019.09.26"]
[Round "7.21"]
[White "Gandhi, Anish"]
[Black "Liyanage, Ranindu Dilshan"]
[Result "0-1"]
[WhiteElo "2201"]
[BlackElo "1956"]
[Annotator "NA"]
[PlyCount "62"]
[EventDate "2019.09.22"]
[EventType "swiss"]
[EventCountry "IND"]
[SourceTitle "playchess.com"]
[Source "ChessBase"]
[SourceQuality "1"]
[TimeControl "5400+30"]

1. e4 {[%emt 0:00:00]} c5 {[%emt 0:00:00]} 2. Nf3 {[%emt 0:00:00]} d6 {[%emt 0:00:00]} 3. d4 {[%emt 0:00:00]} cxd4 {[%emt 0:00:00]} 4. Nxd4 {[%emt 0:00:09]} Nf6 {[%emt 0:00:03]} 5. Nc3 {[%emt 0:00:06]} a6 {[%emt 0:00:04]} 6. h3 {[%emt 0:02:05]} e5 {[%emt 0:00:23]} 7. Nb3 {[%emt 0:00:07]} Be6 {[%emt 0:02:47]} 8. f4 {[%emt 0:00:07]} Nc6 {[%emt 0:01:15]} 9. f5 {[%emt 0:00:55]} Bxb3 {[%emt 0:00:55]} 10. axb3 {[%emt 0:00:13]} d5 {[%emt 0:01:00]} 11. exd5 {[%emt 0:01:08]} Nb4 {[%emt 0:03:22]} 12. Bg5 {[%emt 0:10:17]} Be7 {[%emt 0:09:05]} 13. Bc4 {[%emt 0:09:49]} Qb6 {[%emt 0:06:31]} 14. Qe2 {[%emt 0:04:18]} O-O {[%emt 0:01:15]} 15. O-O-O {[%emt 0:00:36]} Qa5 {[%emt 0:02:27]} 16. Kb1 {[%emt 0:05:30]} b5 17. d6 {[%emt 0:00:30]} Bd8 18. Bd3 {[%emt 0:00:30]} Rc8 19. h4 Nfd5 20. Nxd5 Qa2+ 21. Kc1 Nxd5 22. Bxd8 Nf4 23. Qxe5 Nxd3+ 24. Rxd3 Qa1+ 25. Kd2 Qxh1 26. Rg3 g6 27. Bf6 Qf1 28. c3 Qf2+ 29. Kc1 Rc5 30. Qd4 Qf1+ 31. Kd2 Rxf5 0-1

[Event "2nd Gujarat Open 2019"]
[Site "Ahmedabad, Gujarat"]
[Date "2019.09.26"]
[Round "7.22"]
[White "Deshmukh, Anup"]
[Black "Pandey Srishti"]
[Result "1/2-1/2"]
[WhiteElo "2193"]
[BlackElo "1928"]
[Annotator "NA"]
[PlyCount "136"]
[EventDate "2019.09.22"]
[EventType "swiss"]
[EventCountry "IND"]
[SourceTitle "playchess.com"]
[Source "ChessBase"]
[SourceQuality "1"]
[TimeControl "5400+30"]

1. f4 {[%emt 0:00:00]} Nf6 {[%emt 0:00:00]} 2. Nf3 {[%emt 0:00:51]} g6 {[%emt 0:00:05]} 3. c4 {[%emt 0:01:36]} Bg7 {[%emt 0:00:23]} 4. Nc3 {[%emt 0:00:07]} O-O {[%emt 0:00:08]} 5. e4 {[%emt 0:00:25]} d6 {[%emt 0:00:03]} 6. d4 {[%emt 0:00:07]} e5 {[%emt 0:00:14]} 7. dxe5 {[%emt 0:01:26]} dxe5 {[%emt 0:00:05]} 8. Qxd8 {[%emt 0:00:38]} Rxd8 {[%emt 0:00:03]} 9. Nxe5 {[%emt 0:00:11]} Nxe4 {[%emt 0:00:20]} 10. Nxe4 {[%emt 0:04:33]} f6 {[%emt 0:00:03]} 11. c5 {[%emt 0:03:47]} fxe5 {[%emt 0:00:05]} 12. Bc4+ {[%emt 0:00:12]} Kf8 {[%emt 0:00:04]} 13. O-O {[%emt 0:11:58]} Rd4 {[%emt 0:08:50]} 14. fxe5+ {[%emt 0:00:57]} Bf5 {[%emt 0:00:05]} 15. Nd2 {[%emt 0:20:59]} Nc6 {[%emt 0:07:27]} 16. Be2 {[%emt 0:00:00]} Nxe5 {[%emt 0:00:30]} 17. Nf3 {[%emt 0:00:00]} Nxf3+ {[%emt 0:00:30]} 18. Bxf3 {[%emt 0:00:00]} c6 {[%emt 0:00:30]} 19. Be3 {[%emt 0:00:00]} Rd3 {[%emt 0:00:30]} 20. Bf2 {[%emt 0:00:00]} Re8 {[%emt 0:00:30]} 21. Rad1 {[%emt 0:00:00]} Bf6 {[%emt 0:00:30]} 22. b4 {[%emt 0:00:00]} a6 {[%emt 0:00:30]} 23. a4 {[%emt 0:00:00]} Red8 {[%emt 0:00:30]} 24. Rxd3 {[%emt 0:00:00]} Bxd3 {[%emt 0:00:30]} 25. Rd1 {[%emt 0:00:00]} Kf7 {[%emt 0:00:30]} 26. Be3 {[%emt 0:00:00]} Bc4 {[%emt 0:00:30]} 27. Rxd8 {[%emt 0:00:00]} Bxd8 {[%emt 0:00:30]} 28. Bd4 {[%emt 0:00:00]} Bc7 {[%emt 0:00:30]} 29. Kf2 {[%emt 0:00:00]} Ke7 {[%emt 0:00:30]} 30. h4 {[%emt 0:00:00]} Bf4 {[%emt 0:00:30]} 31. Bc3 {[%emt 0:00:00]} Kd7 {[%emt 0:00:30]} 32. Be4 {[%emt 0:00:00]} Bc1 {[%emt 0:00:30]} 33. g4 {[%emt 0:00:00]} Be6 {[%emt 0:00:30]} 34. g5 {[%emt 0:00:00]} Bf7 {[%emt 0:00:30]} 35. Kg3 {[%emt 0:00:00]} Be3 {[%emt 0:00:30]} 36. Kf3 {[%emt 0:00:00]} Bc1 {[%emt 0:00:30]} 37. b5 {[%emt 0:00:00]} axb5 {[%emt 0:00:30]} 38. axb5 {[%emt 0:00:00]} Bc4 {[%emt 0:00:30]} 39. b6 {[%emt 0:00:00]} Bb3 {[%emt 0:00:30]} 40. Kf2 {[%emt 0:00:00]} Bf4 {[%emt 0:00:30]} 41. Bd4 {[%emt 0:00:00]} Ke6 {[%emt 0:00:30]} 42. Kf3 {[%emt 0:00:00]} Bh2 {[%emt 0:00:30]} 43. Kg4 {[%emt 0:00:00]} Bd5 {[%emt 0:00:30]} 44. Bd3 {[%emt 0:00:00]} Kf7 {[%emt 0:00:30]} 45. h5 {[%emt 0:00:00]} Bb8 {[%emt 0:00:30]} 46. h6 {[%emt 0:00:00]} Be6+ {[%emt 0:00:30]} 47. Kh4 {[%emt 0:00:00]} Bd5 {[%emt 0:00:30]} 48. Kg4 {[%emt 0:00:00]} Be6+ {[%emt 0:00:30]} 49. Kf3 {[%emt 0:00:00]} Bd5+ {[%emt 0:00:30]} 50. Ke2 {[%emt 0:00:00]} Bh2 {[%emt 0:00:30]} 51. Kf2 {[%emt 0:00:00]} Bf4 {[%emt 0:00:30]} 52. Bf6 {[%emt 0:00:00]} Kg8 {[%emt 0:00:30]} 53. Bd8 {[%emt 0:00:00]} Kf7 {[%emt 0:00:30]} 54. Bc7 {[%emt 0:00:00]} Bxg5 {[%emt 0:00:30]} 55. Ba6 {[%emt 0:00:00]} Be7 {[%emt 0:00:30]} 56. Bxb7 {[%emt 0:00:00]} Bxc5+ {[%emt 0:00:30]} 57. Kg3 {[%emt 0:00:00]} g5 {[%emt 0:00:30]} 58. Bc8 {[%emt 0:00:00]} Bxb6 {[%emt 0:00:30]} 59. Bxb6 {[%emt 0:00:00]} Kg6 {[%emt 0:00:30]} 60. Bd4 {[%emt 0:00:00]} Kxh6 {[%emt 0:00:30]} 61. Bf5 {[%emt 0:00:00]} c5 {[%emt 0:00:30]} 62. Bf6 {[%emt 0:00:00]} Kh5 {[%emt 0:00:30]} 63. Bg7 {[%emt 0:00:00]} Bg8 {[%emt 0:00:30]} 64. Be4 {[%emt 0:00:00]} c4 {[%emt 0:00:30]} 65. Bc2 {[%emt 0:00:00]} h6 {[%emt 0:00:30]} 66. Bc3 {[%emt 0:00:00]} Bd5 {[%emt 0:00:30]} 67. Bf5 {[%emt 0:00:00]} Bg8 {[%emt 0:00:30]} 68. Bd4 {[%emt 0:00:00]} Bd5 {[%emt 0:00:30]} 1/2-1/2

[Event "2nd Gujarat Open 2019"]
[Site "Ahmedabad, Gujarat"]
[Date "2019.09.26"]
[Round "7.23"]
[White "Alekhya Mukhopadhyay"]
[Black "Lakshmi Narayanan M V"]
[Result "0-1"]
[WhiteElo "1706"]
[BlackElo "2188"]
[Annotator "NA"]
[PlyCount "72"]
[EventDate "2019.09.22"]
[EventType "swiss"]
[EventCountry "IND"]
[SourceTitle "playchess.com"]
[Source "ChessBase"]
[SourceQuality "1"]
[TimeControl "5400+30"]

1. e4 {[%emt 0:00:00]} c5 {[%emt 0:00:42]} 2. Nf3 {[%emt 0:00:00]} Nc6 {[%emt 0:00:17]} 3. d4 {[%emt 0:00:00]} cxd4 {[%emt 0:00:15]} 4. Nxd4 {[%emt 0:00:00]} Nf6 {[%emt 0:00:12]} 5. Nc3 {[%emt 0:00:11]} d6 {[%emt 0:00:12]} 6. Bg5 {[%emt 0:00:23]} Bd7 {[%emt 0:00:37]} 7. Qd2 {[%emt 0:01:15]} Rc8 {[%emt 0:00:35]} 8. O-O-O {[%emt 0:02:16]} Nxd4 {[%emt 0:00:21]} 9. Qxd4 {[%emt 0:00:41]} Qa5 {[%emt 0:01:07]} 10. Bxf6 {[%emt 0:10:22]} gxf6 {[%emt 0:00:59]} 11. Kb1 {[%emt 0:00:45]} Rg8 {[%emt 0:02:31]} 12. f4 {[%emt 0:06:59]} f5 {[%emt 0:02:05]} 13. e5 {[%emt 0:03:17]} e6 {[%emt 0:04:01]} 14. Be2 {[%emt 0:18:05]} Rxg2 15. Bf3 Rg6 16. Rhe1 b5 17. Ne2 d5 18. Qd3 Bc5 19. Bh5 Rh6 20. Qh3 Kf8 21. Qh4 Qd8 22. Qh3 b4 23. Nd4 Be8 24. Rg1 Qb6 25. Qg3 Rxh5 26. Qg7+ Ke7 27. Qf6+ Kd7 28. Rg7 Kc7 29. Rxf7+ Kb8 30. Nxe6 Bxf7 31. Qxf7 Rxh2 32. Qxf5 Be7 33. Qf7 Qf2 34. Qf5 Rxc2 35. Nd4 Rxb2+ 36. Kc1 Qe3+ 0-1

[Event "2nd Gujarat Open 2019"]
[Site "Ahmedabad, Gujarat"]
[Date "2019.09.26"]
[Round "7.24"]
[White "Laxman, R.R."]
[Black "Ramakrishna, Perumalla"]
[Result "1-0"]
[WhiteElo "2437"]
[BlackElo "1971"]
[Annotator "NA"]
[PlyCount "79"]
[EventDate "2019.09.22"]
[EventType "swiss"]
[EventCountry "IND"]
[SourceTitle "playchess.com"]
[Source "ChessBase"]
[SourceQuality "1"]
[TimeControl "5400+30"]

1. d4 f5 2. g3 Nf6 3. Bg2 e6 4. Nf3 Be7 5. O-O O-O 6. c4 d6 7. Nc3 Ne4 8. Ne1 Nxc3 9. bxc3 c5 10. e4 Nc6 11. exf5 exf5 12. dxc5 dxc5 13. Bd5+ Kh8 14. Nd3 Bd7 15. Rb1 b6 16. Bf4 Rc8 17. h4 Bf6 18. Qc2 Re8 19. Rbe1 Rxe1 20. Rxe1 Qf8 21. Ne5 Nxe5 22. Bxe5 Bxe5 23. Rxe5 f4 24. Qe2 fxg3 25. fxg3 Re8 26. Rxe8 Qxe8 27. Qf2 h5 28. Bf7 Qf8 29. Bxh5 Qd6 30. Bf3 Qe5 31. Bd5 Be6 32. Qf8+ Kh7 33. Qf3 b5 34. Bxe6 Qxe6 35. Qh5+ Kg8 36. Qd5 Qxd5 37. cxd5 Kf7 38. g4 Kf6 39. g5+ Kf5 40. d6 1-0